Sort the Teams by Location: Florida Quiz Stats

 Plays Quiz Updated Mar 12, 2019

Score 0/8 Timer 01:00
3 Plays Today
Question Answer Wrong Answers
Magic Orlando
98.2%
Jacksonville
0.4%
Miami
0.7%
Tampa Bay
0.2%
Jaguars Jacksonville
98.1%
Orlando
0.5%
Miami
0.3%
Tampa Bay
0.5%
Heat Miami
97.7%
Jacksonville
0.3%
Orlando
1.4%
Tampa Bay
0.2%
Dolphins Miami
97.1%
Jacksonville
0.8%
Orlando
0.9%
Tampa Bay
0.6%
Buccaneers Tampa Bay
95.2%
Jacksonville
2.4%
Orlando
1.3%
Miami
0.5%
Rays Tampa Bay
91.5%
Jacksonville
2.6%
Orlando
3.4%
Miami
1.9%
Marlins Miami
88.1%
Jacksonville
2.6%
Orlando
4%
Tampa Bay
4.7%
Lightning Tampa Bay
85.4%
Jacksonville
5.1%
Orlando
6.8%
Miami
2.1%

You're not logged in!

Compare scores with friends on all Sporcle quizzes.
OR
Log In

Sporcle TV

Today on Sporcle TV


Watch our educational content, quiz creation guides, and fun videos on Sporcle TV.

Show Comments

Extras

Top Quizzes Today


Score Distribution

Your Account Isn't Verified!

In order to create a playlist on Sporcle, you need to verify the email address you used during registration. Go to your Sporcle Settings to finish the process.

Report this User

Report this user for behavior that violates our Community Guidelines.

Details: